00846nam a2200217 a 450000100100000000500170001000800410002702000150006804000250008308200230010810000310013124501600016225000110032226000620033330000410039550000350043665000250047165000520049670000360054870000440058400002305020200930021945.0101125s1996 mx ad 001 0 spa d a9688807230 aDO-SdBNPbspacBNPHU a629.8bK966s, 19961 aKuo, Benjamín C.,d1930-10aSistemas de control automático /cBenjamín C. Kuo ; traducción de Guillermo Aranda Pérez ; revisión técnica de Fransisco Rodríguez Ramírez. a7a ed. aMéxico, D. F. :bPrentice Hall Hispanoamericana,c1996. axxiv, 897 p. :bil., diag. ;c25 cm. aIncluye índice alfabético. 4aControl automático 4aSistemas de recolección automática de datos1 aAranda Pérez, Guillermo,etr.1 aRodríguez Ramírez, Fransisco,erev.